| 000 | 00000nam##2200000za#4500 |
| 001 | 9.615621 |
| 003 | CaOODSP |
| 005 | 20211126112847 |
| 007 | ta |
| 008 | 150406|2001||||xxc||||| f|0| 0 eng|d |
| 020 | |a0-662-30542-6 |
| 022 | |a1192-5434 |
| 040 | |aCaOODSP|beng |
| 043 | |an-cn--- |
| 086 | 1 |aFB3-2/101-5E |
| 110 | 2 |aBank of Canada. |
| 245 | 10|aReactions of Canadian interest rates to macroeconomic announcements : |bimplications for monetary policy transparency / |cby Toni Gravelle and Richhild Moessner. |
| 260 | |aOttawa - Ontario : |bBank of Canada |c2001. |
| 300 | |av, 34p. : |bgraphs, references, tables ; |c28 cm. |
| 490 | 1 |aWorking paper|x1192-5434|v101-5 |
| 500 | |a"In this study we statistically quantify the reactions of Canadians and U.S. interest rates to macroeconomic announcements released in Canada and in the United States."--Abstract. |
| 520 | 3 |aIn this study we statistically quantify the reactions of Canadians and U.S. interest rates to macroeconomic announcements released in Canada and in the United States.--Abstract |
| 546 | |aRésumés en français |
| 563 | |aSoftcover |
| 590 | |a01-18|b2001-05-04 |
| 690 | 07|aInterest rates|2gcpds |
| 690 | 07|aMarkets|2gcpds |
| 690 | 07|aPrices|2gcpds |
| 690 | 07|aMonetary policy|2gcpds |
| 690 | 07|aExchange rates|2gcpds |
| 720 | 1 |aGravelle, Toni |
| 720 | 1 |aMoessner, Richhild |
| 776 | 0#|tReactions of Canadian interest rates to macroeconomic announcements : |w(CaOODSP)9.571585 |
| 830 | #0|aWorking paper,|x1192-5434|v101-5|w(CaOODSP)9.514622 |